Possiedo la mia anima : il segreto di Virginia Woolf /

محفوظ في:
التفاصيل البيبلوغرافية
المؤلف الرئيسي: Fusini, Nadia (مؤلف)
التنسيق: كتاب
اللغة:الإيطالية
منشور في: Milano : A. Mondadori, 2006
سلاسل:Scrittori italiani e stranieri
الموضوعات:
الوسوم: إضافة وسم
لا توجد وسوم, كن أول من يضع وسما على هذه التسجيلة!

MARC

LEADER 00000nam a22000007i 4500
001 IT\ICCU\LO1\1051238
003 ItRI
005 20260115231851.0
008 060410s2006 it |||||| ||||| |||||c
020 |a 8804538074 
040 |b ita  |c importazione bologna sebina 
041 7 |a ita  |2 ISO-639-2 
082 |a 823.912  |9 NARRATIVA INGLESE. 1900-1945  |2 20 
100 1 |a Fusini, Nadia  |0 IT\ICCU\CFIV\009744  |4 aut 
245 1 0 |a Possiedo la mia anima :  |b il segreto di Virginia Woolf /  |c Nadia Fusini. 
260 |a Milano :  |b A. Mondadori,  |c 2006 
300 |a 347 p. ;  |c 22 cm. 
650 7 |a Woolf, Virginia 
830 0 |a Scrittori italiani e stranieri  |0 IT\ICCU\CFI\0000594 
942 |2 ddc  |c BK  |n 0 
952 |0 0  |1 0  |4 0  |6 L_823_912000000000000_FUS  |7 0  |9 14669  |a BO  |b BO  |d 2026-01-15  |i 10032  |l 0  |o L 823.912 FUS  |p BO10032  |r 2026-01-15 23:18:51  |w 2026-01-15  |x [Sebina 5] [1 v.]  |y BK  |z 1 v. 
999 |c 12643  |d 12643